000 00640nam a2200229Ia 4500
003 OSt
005 20221006165336.0
006 a|||||r|||| 00| 0
007 ta
008 221006b |||||||| |||| 00| 0 hin d
024 _a3,892
037 _cTextual
040 _aFML
_cFML
_bhin
041 _2hin
_ahin
082 _aNR44 : (5), N0 - ; 8
100 _aKulkarni Vasudha Au.
_9679641
245 0 _aBharatiya Sangeet Evam Manovigyan
260 _aJodhpur
_bRajasthani Granthagar
_c1990
300 _a196
_ccm.
942 _hNR44 : (5), N0 - ; 8
_cTEXL
_2CC
999 _c1120488
_d1120488